banner koha

Dormancy break in seeds of “quina” (Strychnos pseudoquina A. St.-Hil.) (Registro n. 298706)

MARC details
000 -LÍDER
fixed length control field 03250nab a2200313 i 4500
003 - CÓDIGO MARC DA AGÊNCIA CATALOGADORA
Campo de controle BR-BrBNA
005 - DATA E HORA DA ÚLTIMA ATUALIZAÇÃO
Campo de controle 20240307160106.0
008 - CAMPO DE TAMANHO FIXO
fixed length control field 240307b2011 bl.qr|p|oa||| 00| 0 eng |
040 ## - FONTE DA CATALOGAÇÃO
Agência catalogadora BR-BrBNA
Idioma da catalogação eng
072 ## - CATEGORIA AGRIS
Código AGRIS F03
100 ## - ENTRADA PRINCIPAL - NOME PESSOAL
Nome pessoal Vasconcelos, J.M.
100 ## - ENTRADA PRINCIPAL - NOME PESSOAL
Nome pessoal Rodrigues, M.A.
100 ## - ENTRADA PRINCIPAL - NOME PESSOAL
Nome pessoal Vasconcelos Filho, S.C.
100 ## - ENTRADA PRINCIPAL - NOME PESSOAL
Nome pessoal Sales, J.F.
100 ## - ENTRADA PRINCIPAL - NOME PESSOAL
Nome pessoal Silva, F.G.
100 ## - ENTRADA PRINCIPAL - NOME PESSOAL
Nome pessoal Santana, J.G.
245 ## - TÍTULO PRINCIPAL
Título principal Dormancy break in seeds of “quina” (Strychnos pseudoquina A. St.-Hil.)
500 ## - NOTA GERAL
Nota geral Publicação on-line; 28 ref.; 2 tables; Summaries (En, Pt)
942 ## - ADDED ENTRY ELEMENTS (KOHA)
Koha item type
520 ## - NOTA DE RESUMO
Nota de conteúdo <br/><br/>ABSTRACT: <br/><br/>“Quina” (Strychnos pseudoquina A. St. Hil) is a medicinal plant species from the<br/>Brazilian Cerrado. As its seeds show dormancy, they were subjected to the treatments precooling at <br/>5ºC during 7 days, pre-heating at 40ºC during 7 days, pre-soaking in sulfuric acid PA<br/>during 5 and 15 min, pre-soaking in boiling water during 5 and 15 min, pre-soaking in 100 and 200<br/>ppm gibberellic acid during 48 h, pre-soaking in distilled water during 24 and 48 h, and mechanical<br/>scarification to break dormancy. Counts were daily conducted from the 2nd day after the experiment<br/>implementation until the germination stabilization at the 65th day. The germination speed index<br/>(GSI) and the germination percentage were evaluated. Germination rates above 96% were reached<br/>in seeds pre-soaked in water during 48 h and substrate moistened with water or KNO3<br/>.<br/>Key words: “quina”, medicinal plant, germination, Loganiaceae, seed dormancy
520 ## - NOTA DE RESUMO
Nota de conteúdo <br/><br/>RESUMO: <br/><br/>Superação da dormência de sementes de quina (Strychnos pseudoquina A.<br/>St.-Hil.). A quina (Strychnos pseudoquina A. St.-Hil) é espécie medicinal do Cerrado Brasileiro.<br/>As sementes apresentam dormência e, por isso, foram submetidas aos tratamentos préresfriamento <br/>a 5ºC durante 7 dias, pré-aquecimento a 40ºC durante 7 dias, pré-embebição em<br/>ácido sulfúrico P.A. durante 5 e 15 minutos, pré-embebição em água fervente durante 5 e 15<br/>minutos, pré-embebição em ácido giberélico a 100 e 200 ppm, durante 48 horas, pré-embebição<br/>em água destilada durante 24 e 48 horas e escarificação mecânica, visando à superação da<br/>dormência. Foram realizadas contagens diárias entre o 2o dia após a implantação do experimento<br/>até a estabilização da germinação, que ocorreu no 65o dia. Foram avaliados o índice de velocidade<br/>de germinação (IVG) e a porcentagem de germinação. Taxas de germinação acima de 96% foram<br/>atingidas em sementes pré-embebidas em água durante 48 horas e substrato umedecido com<br/>água ou KNO3.<br/>.<br/>Palavras-chave: quina, planta medicinal, germinação, Loganiaceae, dormência de sementes
650 ## - ASSUNTO - THESAGRO
Cabeçalho tópico ou nome geográfico QUINA
650 ## - ASSUNTO - THESAGRO
Cabeçalho tópico ou nome geográfico PLANTA MEDICINAL
650 ## - ASSUNTO - THESAGRO
Cabeçalho tópico ou nome geográfico GERMINAÇÃO
650 ## - ASSUNTO - THESAGRO
Cabeçalho tópico ou nome geográfico DORMÊNCIA DE SEMENTE
773 0# - ENTRADA ANALÍTICA
Host Biblionumber 3543
Registro do item 13667
Imprenta Botucatu-SP Instituto de Biociências - Departamento de Química e Bioquímica 1998
Outro identificador 2023-296812
Título Revista Brasileira de Plantas Medicinais (Brazil)
ISSN 1516-0572
Colação v. 13(4) p. 507-511; (2011)
Número de controle de registro BR2024000122
856 ## - ACESSO E ENDEREÇO ELETRÔNICO
Identificador uniforme de recurso - URI https://www.scielo.br/j/rbpm/a/dgGYZtFtSRyxzjnJzXYDdGx/?format=pdf&lang=en

Nenhum exemplar disponível.

BINAGRI

Telefone: (61)3218-2567/2388/3357/2097 - binagri@agro.gov.br

Ministério da Agricultura e Pecuária , Esplanada dos Ministérios, Bloco D, Anexo B, Brasília/DF, CEP: 70.043-900